[Event "Bad Woerishofen Seniors op 36th"]
[Site "Bad Woerishofen"]
[Date "2020.03.13"]
[Round "9"]
[White "Flockerzi, Armin"]
[Black "Niedermaier, Peter"]
[Result "0-1"]
[WhiteElo "1707"]
[BlackElo "1819"]
[PlyCount "88"]
[EventDate "2020.03.05"]
[EventType "swiss"]
[EventRounds "9"]
[EventCountry "GER"]
[SourceTitle "CBM 195 Extra"]
[Source "ChessBase"]
[SourceDate "2020.05.31"]
[SourceVersion "1"]
[SourceVersionDate "2020.05.31"]
[SourceQuality "1"]

1. d4 Nf6 2. c4 g6 3. Nf3 Bg7 4. Nc3 d5 5. c5 0-0 6. h3 Nc6 7. e3 b6 8. Bb5 Bb7 9. a3 bxc5 10. dxc5 a6 11. Be2 Re8 12. 0-0 e6 13. Rb1 Nd7 14. Na4 a5 15. Bb5 Na7 16. Bxd7 Qxd7 17. Qc2 Bc6 18. Nc3 Rab8 19. Rd1 Qe7 20. Ne2 Rb7 21. Ned4 Bd7 22. c6 Nxc6 23. Nxc6 Bxc6 24. Qxc6 Reb8 25. Rd2 Rb6 26. Qa4 Rb5 27. Nd4 Rc5 28. Nc6 Qd7 29. b4 Qxc6 30. bxc5 Qxa4 31. Rxb8+ Bf8 32. Rdb2 Qd1+ 33. Kh2 Qxc1 34. a4 Qxc5 35. R2b5 Qc3 36. Ra8 Kg7 37. Rbxa5 Qd2 38. h4 Qxf2 39. R5a6 Qxh4+ 40. Kg1 Qe1+ 41. Kh2 Bd6+ 42. Rxd6 cxd6 43. a5 Qxe3 44. Rd8 Qa7 0-1

[Event "Erfurt op Seniors 29th"]
[Site "Erfurt"]
[Date "2019.12.28"]
[Round "3"]
[White "Flockerzi, Armin"]
[Black "Huettemann, Karl Heinz"]
[Result "0-1"]
[WhiteElo "1696"]
[BlackElo "2043"]
[PlyCount "120"]
[EventDate "2019.12.26"]
[EventType "swiss"]
[EventRounds "5"]
[EventCountry "GER"]
[SourceTitle "CBM 194 Extra"]
[Source "ChessBase"]
[SourceDate "2020.03.31"]
[SourceVersion "1"]
[SourceVersionDate "2020.03.31"]
[SourceQuality "1"]

1. Nf3 Nf6 2. d4 d5 3. g3 e6 4. Bg2 c5 5. e3 Nc6 6. c3 b6 7. 0-0 Bd6 8. Re1 0-0 9. Nbd2 Bb7 10. Qc2 Rc8 11. dxc5 Bxc5 12. b3 Qe7 13. Bb2 Ba3 14. Rac1 Bxb2 15. Qxb2 Na5 16. Ne5 Rfd8 17. e4 dxe4 18. Nxe4 Nxe4 19. Bxe4 Bxe4 20. Rxe4 f6 21. Nf3 Qb7 22. Re3 e5 23. Qe2 Rc7 24. g4 h6 25. Nh4 Rcd7 26. Nf3 Qc6 27. h3 Nb7 28. Kh2 Qd6 29. Kg1 Nc5 30. Rc2 Qd1+ 31. Kg2 Qxe2 32. Rexe2 Ne6 33. Kg3 Rd3 34. Re3 Kf7 35. h4 g5 36. hxg5 hxg5 37. Ne1 Rd1 38. Nf3 Nf4 39. Ne1 Rh8 40. Kf3 Rh1 41. Ng2 Nxg2 42. Kxg2 Rdg1+ 43. Kf3 Rh3+ 44. Ke2 Rxe3+ 45. Kxe3 Rxg4 46. f3 Rh4 47. Rg2 Ke6 48. c4 Kf5 49. a3 a5 50. Rc2 Rh3 51. c5 bxc5 52. Rxc5 g4 53. b4 Rxf3+ 54. Ke2 Rxa3 55. Rxa5 Rb3 56. Ra4 g3 57. Kf1 Kg4 58. Ra6 Rxb4 59. Rxf6 Rf4+ 60. Rxf4+ exf4 0-1

[Event "Erfurt op Seniors 29th"]
[Site "Erfurt"]
[Date "2019.12.27"]
[Round "2"]
[White "Wozny, Michael"]
[Black "Flockerzi, Armin"]
[Result "0-1"]
[WhiteElo "1906"]
[BlackElo "1696"]
[PlyCount "42"]
[EventDate "2019.12.26"]
[EventType "swiss"]
[EventRounds "5"]
[EventCountry "GER"]
[SourceTitle "CBM 194 Extra"]
[Source "ChessBase"]
[SourceDate "2020.03.31"]
[SourceVersion "1"]
[SourceVersionDate "2020.03.31"]
[SourceQuality "1"]

1. c4 e5 2. Nc3 Nc6 3. d3 b6 4. Nf3 Bb7 5. g3 Nd4 6. Bg2 Nxf3+ 7. exf3 Nf6 8. 0-0 Be7 9. Ne4 0-0 10. b3 d5 11. Nxf6+ Bxf6 12. Bb2 d4 13. Bc1 Re8 14. h4 g6 15. a4 a5 16. Ra2 c5 17. Re2 Qd7 18. Rfe1 Re7 19. f4 Bxg2 20. fxe5 Bf3 21. exf6 Qh3 0-1

[Event "GER-ch Seniors 65"]
[Site "Hamburg"]
[Date "2018.07.22"]
[Round "2"]
[White "Flockerzi, Armin"]
[Black "Schwenn, Peter"]
[Result "0-1"]
[WhiteElo "1774"]
[BlackElo "1551"]
[PlyCount "96"]
[EventDate "2018.07.21"]
[EventType "swiss"]
[EventRounds "9"]
[EventCountry "GER"]
[SourceTitle "CBM 186 Extra"]
[Source "ChessBase"]
[SourceDate "2018.08.24"]
[SourceVersion "1"]
[SourceVersionDate "2018.08.24"]
[SourceQuality "1"]

1. Nf3 Nf6 2. d4 g6 3. b3 Bg7 4. Bb2 d5 5. Nbd2 0-0 6. g3 Nbd7 7. Bg2 c5 8. 0-0 e6 9. Re1 b6 10. Rc1 Bb7 11. Ba3 Rc8 12. c4 Ne4 13. Qc2 Nxd2 14. Qxd2 dxc4 15. dxc5 Bxf3 16. Bxf3 Nxc5 17. Qxd8 Rfxd8 18. Rxc4 Bf8 19. Rec1 a5 20. b4 axb4 21. Bxb4 Rd7 22. a4 Ra7 23. a5 bxa5 24. Bxc5 Rac7 25. Bb7 Rxb7 26. Bxf8 Rxc4 27. Rxc4 Rb1+ 28. Kg2 Kxf8 29. Rc8+ Ke7 30. Ra8 Ra1 31. h4 h5 32. Kf3 Kf6 33. Ra6 Ra3+ 34. e3 Ra2 35. Ra7 a4 36. Ra5 a3 37. e4 Ra1 38. Kf4 a2 39. e5+ Kg7 40. f3 Kh6 41. Ra7 Kg7 42. Ra3 Kh6 43. Ra4 f6 44. exf6 e5+ 45. Kxe5 Re1+ 46. Kd6 a1Q 47. Rxa1 Rxa1 48. f7 Kg7 0-1

[Event "Erfurt ST op 27th"]
[Site "Erfurt"]
[Date "2017.12.26"]
[Round "1"]
[White "Huettemann, Karl Heinz"]
[Black "Flockerzi, Armin"]
[Result "1-0"]
[WhiteElo "2092"]
[BlackElo "1789"]
[PlyCount "75"]
[EventDate "2017.12.26"]
[EventType "swiss"]
[EventRounds "5"]
[EventCountry "GER"]
[SourceTitle "CBM 182 Extra"]
[Source "ChessBase"]
[SourceDate "2018.02.23"]
[SourceVersion "1"]
[SourceVersionDate "2018.02.23"]
[SourceQuality "1"]

1. c4 c5 2. Nf3 Nf6 3. Nc3 d6 4. d4 cxd4 5. Nxd4 a6 6. e4 Nbd7 7. Be2 g6 8. 0-0 Bg7 9. Be3 0-0 10. Qd2 Nc5 11. f3 Qc7 12. Rac1 e5 13. Nc2 Bd7 14. Rfd1 Ne8 15. Nd5 Qd8 16. b4 Ne6 17. Nb6 Rb8 18. a4 N6c7 19. c5 Na8 20. Nxd7 Qxd7 21. b5 axb5 22. axb5 Nac7 23. Na3 Rd8 24. b6 Ne6 25. Bb5 Qe7 26. c6 bxc6 27. Bxc6 Nd4 28. Bxd4 exd4 29. Nb5 Rb8 30. b7 Qd8 31. Nxd4 Qb6 32. Kh1 Nf6 33. Rb1 Qc5 34. Rb5 Qc4 35. Qc2 Qxc2 36. Nxc2 Rfd8 37. Nb4 Bf8 38. Na6 1-0

[Event "Schleswig Holstein-ch Seniors op 11th"]
[Site "Buesum"]
[Date "2017.09.10"]
[Round "3"]
[White "Fleischer, Matthias"]
[Black "Flockerzi, Armin"]
[Result "0-1"]
[WhiteElo "1926"]
[BlackElo "1758"]
[PlyCount "140"]
[EventDate "2017.09.08"]
[EventType "swiss"]
[EventRounds "9"]
[EventCountry "GER"]
[SourceTitle "EXT 2019"]
[Source "ChessBase"]
[SourceDate "2018.10.10"]
[SourceVersion "1"]
[SourceVersionDate "2018.10.10"]
[SourceQuality "1"]

1. d4 d5 2. Nf3 c6 3. e3 Nf6 4. Bd3 g6 5. Nbd2 Bg7 6. c3 b6 7. Ne5 Qc7 8. f4 e6 9. Qf3 Nbd7 10. h4 c5 11. g4 cxd4 12. exd4 Nxe5 13. fxe5 Nd7 14. g5 h5 15. gxh6 Bxh6 16. Nb3 Bxc1 17. Nxc1 Bb7 18. Bb5 a6 19. Bxd7+ Qxd7 20. Qf6 Rh5 21. Nd3 Qe7 22. 0-0-0 Rf5 23. Qxe7+ Kxe7 24. Rdf1 Rxf1+ 25. Rxf1 a5 26. Rf4 Ba6 27. Nf2 Bc4 28. b3 Be2 29. Kd2 Bh5 30. Nh3 b5 31. Ng5 Rf8 32. a3 f5 33. Nh7 Rf7 34. Nf6 Rg7 35. Rf2 Kf7 36. c4 bxc4 37. bxc4 dxc4 38. Kc3 Kf8 39. Kxc4 Bd1 40. Kc5 Bb3 41. Kd6 Ra7 42. Rg2 Ra6+ 43. Kc5 Kf7 44. h5 gxh5 45. Nxh5 a4 46. Rg7+ Kf8 47. Kb5 Ra8 48. Rd7 Re8 49. Nf4 Kg8 50. Kc5 Rf8 51. Nh5 Rf7 52. Rd8+ Rf8 53. Rd7 Rf7 54. Rd6 f4 55. Rd8+ Kh7 56. Nf6+ Kg6 57. Rg8+ Rg7 58. Rh8 Kf5 59. Rh2 Rg3 60. Rf2 Rc3+ 61. Kd6 Rd3 62. Kc5 f3 63. Rf1 Kf4 64. Rf2 Re3 65. Rh2 Kg3 66. Rh8 f2 67. Rg8+ Kf3 68. Rf8 Ke2 69. Ng4 Rc3+ 70. Kd6 f1Q 0-1

[Event "Schleswig Holstein-ch Seniors op 11th"]
[Site "Buesum"]
[Date "2017.09.09"]
[Round "2"]
[White "Flockerzi, Armin"]
[Black "Nickel, Juergen"]
[Result "1-0"]
[WhiteElo "1758"]
[BlackElo "1882"]
[PlyCount "79"]
[EventDate "2017.09.08"]
[EventType "swiss"]
[EventRounds "9"]
[EventCountry "GER"]
[SourceTitle "EXT 2019"]
[Source "ChessBase"]
[SourceDate "2018.10.10"]
[SourceVersion "1"]
[SourceVersionDate "2018.10.10"]
[SourceQuality "1"]

1. Nf3 d5 2. d4 e6 3. e3 c6 4. Nbd2 f5 5. c4 Nf6 6. a3 a5 7. cxd5 exd5 8. Bd3 Bd6 9. Qc2 Ne4 10. g3 0-0 11. 0-0 Nd7 12. Nh4 g5 13. Ng2 Ndf6 14. f3 Nxd2 15. Bxd2 Nh5 16. e4 Ng7 17. e5 Be7 18. f4 g4 19. Kf2 Be6 20. Rh1 Qb6 21. Be3 Rac8 22. Rac1 Rc7 23. h3 h5 24. hxg4 hxg4 25. Nh4 Bxh4 26. Rxh4 Rcc8 27. Rch1 Qd8 28. Qc5 b6 29. Rh8+ Kf7 30. Rxf8+ Qxf8 31. Qxb6 Qd8 32. Qc5 Qc7 33. Bd2 a4 34. Bb4 Rb8 35. Rh6 Kg8 36. Qc2 Bd7 37. Bd6 Qb6 38. Bxb8 Qxd4+ 39. Kg2 Qe3 40. Qe2 1-0

[Event "Wch Seniors 65 26th"]
[Site "Marianske Lazne"]
[Date "2016.11.27"]
[Round "8"]
[White "Mohammadian, Mohammad"]
[Black "Flockerzi, Armin"]
[Result "1-0"]
[WhiteElo "1683"]
[BlackElo "1860"]
[PlyCount "107"]
[EventDate "2016.11.19"]
[EventType "swiss"]
[EventRounds "11"]
[EventCountry "CZE"]
[SourceTitle "CBM 175 Extra"]
[Source "ChessBase"]
[SourceDate "2016.12.12"]
[SourceVersion "1"]
[SourceVersionDate "2016.12.12"]
[SourceQuality "1"]

1. e4 d6 2. d4 Nf6 3. Bd3 g6 4. Nf3 Bg7 5. h3 b6 6. c4 Bb7 7. Nc3 Nbd7 8. Be3 e6 9. 0-0 0-0 10. Qd2 e5 11. d5 Qc8 12. Bh6 Re8 13. Bxg7 Kxg7 14. Ne2 Nc5 15. Ng3 h6 16. Bc2 Rh8 17. Nh2 Qd7 18. b4 Na6 19. a3 Raf8 20. f4 Qe7 21. Nf3 Bc8 22. Rf2 h5 23. fxe5 dxe5 24. Qg5 Qd6 25. Qxe5 Qxe5 26. Nxe5 Nb8 27. Raf1 Nbd7 28. Nc6 a6 29. Ne2 Bb7 30. Ned4 Nh7 31. e5 Bxc6 32. Nxc6 f6 33. e6 Nb8 34. Nd4 Re8 35. h4 Rhf8 36. Re2 f5 37. g3 Re7 38. Kg2 Rd8 39. Bxf5 c5 40. bxc5 bxc5 41. Nb3 gxf5 42. Rxf5 Kg6 43. Ref2 Rc8 44. R5f4 Kg7 45. Re2 Nf8 46. Rf5 Kg6 47. Rg5+ Kh6 48. Ree5 Ng6 49. Rxh5+ Kg7 50. Rhg5 Kh6 51. Ref5 Rf8 52. Rxg6+ Kxg6 53. Rxf8 Rb7 54. Nxc5 1-0

[Event "Schleswig Holstein-ch Seniors op 10th"]
[Site "Buesum"]
[Date "2016.09.27"]
[Round "2"]
[White "Flockerzi, Armin"]
[Black "Priss, Klaus Peter"]
[Result "1/2-1/2"]
[WhiteElo "1839"]
[BlackElo "1633"]
[PlyCount "130"]
[EventDate "2016.09.26"]
[EventType "swiss"]
[EventRounds "9"]
[EventCountry "GER"]
[SourceTitle "EXT 2019"]
[Source "ChessBase"]
[SourceDate "2018.10.10"]
[SourceVersion "1"]
[SourceVersionDate "2018.10.10"]
[SourceQuality "1"]

1. d4 Nf6 2. Nf3 d6 3. Nbd2 g6 4. b3 Bg7 5. Bb2 0-0 6. c4 b6 7. g3 Bb7 8. Bg2 Nbd7 9. 0-0 e6 10. Qc2 a5 11. a3 Rc8 12. e4 Nh5 13. Rfe1 Re8 14. Rad1 c5 15. d5 e5 16. Bc1 Rf8 17. Nb1 h6 18. Bh3 Rc7 19. Nc3 Ba6 20. Bd2 Qe8 21. Nh4 Nhf6 22. Qc1 Kh7 23. f4 h5 24. f5 Ng4 25. Rf1 Ndf6 26. Bg5 a4 27. Bxg4 hxg4 28. fxg6+ fxg6 29. bxa4 Bxc4 30. Rf2 Ra7 31. Qb2 Rb7 32. Re1 Bd3 33. Ng2 Qd7 34. Bxf6 Bxf6 35. Rd1 Ba6 36. Nb5 Kg7 37. Rdf1 Qd8 38. Ne3 Qd7 39. Nc4 Bxb5 40. axb5 Qd8 41. a4 Ra7 42. Qc2 Rff7 43. Qd1 Qb8 44. Ne3 Qc8 45. Nxg4 Bg5 46. Rxf7+ Rxf7 47. Rxf7+ Kxf7 48. Qf3+ Kg7 49. h4 Be7 50. Kg2 c4 51. Ne3 c3 52. Qe2 Qc5 53. Nc2 Bf6 54. Kh3 Qc8+ 55. g4 Qh8 56. Qf2 Qd8 57. Qg3 Qc8 58. Qe3 Qc4 59. Kg3 Bd8 60. Na3 Qb3 61. Qc1 c2+ 62. Kg2 Bxh4 63. Qxc2 Qg3+ 64. Kf1 Qe1+ 65. Kg2 Qg3+ 1/2-1/2

[Event "Bad Woerishofen Seniors op 32nd"]
[Site "Bad Woerishofen"]
[Date "2016.03.02"]
[Round "6"]
[White "Schwis, Joachim"]
[Black "Flockerzi, Armin"]
[Result "1/2-1/2"]
[WhiteElo "1967"]
[BlackElo "1806"]
[PlyCount "50"]
[EventDate "2016.02.26"]
[EventType "swiss"]
[EventRounds "9"]
[EventCountry "GER"]
[SourceTitle "EXT 2019"]
[Source "ChessBase"]
[SourceDate "2018.10.10"]
[SourceVersion "1"]
[SourceVersionDate "2018.10.10"]
[SourceQuality "1"]

1. c4 e5 2. Nc3 Nf6 3. g3 c6 4. Nf3 d6 5. Bg2 Be7 6. d3 Na6 7. 0-0 Nc7 8. a3 a6 9. b4 Rb8 10. Bb2 0-0 11. Qc2 Ne6 12. e3 Qc7 13. Rac1 Bd7 14. Rfd1 Rfe8 15. Qb1 Rbc8 16. Nd5 cxd5 17. cxd5 Qb8 18. dxe6 Bxe6 19. d4 e4 20. Nd2 d5 21. Nb3 b6 22. Rxc8 Rxc8 23. Rc1 Ne8 24. Rc2 Rxc2 25. Qxc2 Qc8 1/2-1/2

[Event "Bayern-ch Seniors op 27th"]
[Site "Bergen"]
[Date "2015.06.15"]
[Round "1"]
[White "Flockerzi, Armin"]
[Black "Walther, Reinhard"]
[Result "1/2-1/2"]
[WhiteElo "1605"]
[BlackElo "1942"]
[PlyCount "67"]
[EventDate "2015.06.15"]
[EventType "swiss"]
[EventRounds "9"]
[EventCountry "GER"]
[SourceTitle "EXT 2019"]
[Source "ChessBase"]
[SourceDate "2018.10.10"]
[SourceVersion "1"]
[SourceVersionDate "2018.10.10"]
[SourceQuality "1"]

1. d4 Nf6 2. Nf3 g6 3. g3 Bg7 4. Bg2 d5 5. Nbd2 0-0 6. 0-0 c6 7. b3 Bf5 8. Bb2 Na6 9. a3 Nc7 10. Re1 Ne4 11. Nh4 Nd6 12. c3 Be6 13. e4 dxe4 14. Nxe4 Nf5 15. Nxf5 Bxf5 16. Nd2 Qd7 17. f4 Rad8 18. Nc4 f6 19. Ne3 Be6 20. c4 Bf7 21. Qd2 Rfe8 22. Rad1 e6 23. Bc3 Qc8 24. Qb2 f5 25. Rd2 Rd7 26. Red1 Red8 27. b4 Ne8 28. a4 b6 29. c5 bxc5 30. dxc5 Rxd2 31. Rxd2 Rxd2 32. Qxd2 Nf6 33. Qd3 Nd5 34. Nxd5 1/2-1/2

[Event "Hessen-ch Seniors op 11th"]
[Site "Bad Sooden-Allendorf"]
[Date "2015.05.16"]
[Round "8"]
[White "Pastowski, Werner"]
[Black "Flockerzi, Armin"]
[Result "0-1"]
[WhiteElo "1741"]
[BlackElo "1819"]
[PlyCount "80"]
[EventDate "2015.05.09"]
[EventType "swiss"]
[EventRounds "9"]
[EventCountry "GER"]
[SourceTitle "EXT 2018"]
[Source "ChessBase"]
[SourceDate "2017.10.13"]
[SourceVersion "1"]
[SourceVersionDate "2017.10.13"]
[SourceQuality "1"]

1. e4 d6 2. d4 Nf6 3. Nc3 e6 4. Nf3 Be7 5. Be2 b6 6. d5 e5 7. h3 0-0 8. 0-0 Bb7 9. Bg5 Nbd7 10. Re1 Nxd5 11. Bxe7 Nxe7 12. Bc4 h6 13. Qe2 Nf6 14. Rad1 Ng6 15. Nd5 Nxd5 16. Bxd5 Bxd5 17. exd5 a6 18. c4 Qd7 19. b4 Rac8 20. c5 b5 21. Qc2 Ne7 22. Re2 f5 23. Nh4 f4 24. Ng6 Nxg6 25. Qxg6 Rf6 26. Qe4 Rcf8 27. f3 Rf5 28. Rc2 Rg5 29. Kf2 Ra8 30. cxd6 cxd6 31. Rc6 Rf5 32. Rdc1 Rf6 33. Rc7 Qd8 34. Qc2 Rf8 35. Qg6 Qf6 36. Qxf6 gxf6 37. R1c6 a5 38. Rxd6 Rf7 39. Rc5 axb4 40. Rxb5 Rxa2+ 0-1

[Event "Hessen-ch Seniors op 11th"]
[Site "Bad Sooden-Allendorf"]
[Date "2015.05.14"]
[Round "6"]
[White "Schrickx, Frank"]
[Black "Flockerzi, Armin"]
[Result "1-0"]
[WhiteElo "1880"]
[BlackElo "1819"]
[PlyCount "209"]
[EventDate "2015.05.09"]
[EventType "swiss"]
[EventRounds "9"]
[EventCountry "GER"]
[SourceTitle "EXT 2018"]
[Source "ChessBase"]
[SourceDate "2017.10.13"]
[SourceVersion "1"]
[SourceVersionDate "2017.10.13"]
[SourceQuality "1"]

1. e4 d6 2. d4 Nf6 3. Nc3 e6 4. f4 c6 5. Nf3 Be7 6. Bd3 b6 7. 0-0 Ba6 8. Be3 Bxd3 9. Qxd3 0-0 10. Rad1 Nbd7 11. Kh1 Qc7 12. a4 a6 13. Bg1 Rfd8 14. Qe2 b5 15. e5 Nd5 16. Nxd5 cxd5 17. axb5 axb5 18. Qxb5 Rdb8 19. Qd3 Rxb2 20. Ra1 Rc8 21. Rfc1 dxe5 22. fxe5 h6 23. h3 Nb6 24. Qa6 Ra8 25. Qd3 Rxa1 26. Rxa1 Rxc2 27. Ra7 Qxa7 28. Qxc2 Nc4 29. Qb3 Nd2 30. Nxd2 Bg5 31. Nf3 Bf4 32. Qb5 g5 33. Qb1 Kg7 34. Qf1 Qe7 35. Qf2 f5 36. exf6+ Qxf6 37. Nh2 h5 38. g3 Bd6 39. Qxf6+ Kxf6 40. Kg2 Kf5 41. Kf3 e5 42. g4+ hxg4+ 43. hxg4+ Ke6 44. Nf1 exd4 45. Bxd4 Bb4 46. Ke3 Bd6 47. Kd3 Bb4 48. Ng3 Ba5 49. Ne2 Bc7 50. Ng1 Bd6 51. Nf3 Be7 52. Bg7 Bd8 53. Bh6 Bb6 54. Bxg5 Bc5 55. Be3 Be7 56. Nd4+ Kf6 57. Nf5 Bd8 58. Kd4 Ke6 59. Ng7+ Kf7 60. Nf5 Ke6 61. Bf4 Bb6+ 62. Kd3 Bd8 63. Nd4+ Kf6 64. Kc3 Ba5+ 65. Kb3 Bb6 66. Nf3 Ke6 67. Kb4 Ba7 68. Kb5 Bf2 69. Bh2 Be3 70. Be5 Ba7 71. Kc6 Be3 72. Kc7 Bg5 73. Bd4 Bf4+ 74. Kc6 Bc1 75. Ne5 Bg5 76. Nd3 Bd2 77. Nc5+ Kf7 78. Kxd5 Kg6 79. Ne4 Bc1 80. Bf2 Bf4 81. Bh4 Bc1 82. Ke5 Be3 83. Nd6 Bg5 84. Bg3 Bf6+ 85. Ke4 Bb2 86. Kf3 Bc1 87. Nf5 Ba3 88. Bf4 Bc5 89. Nh4+ Kf7 90. Ke4 Be7 91. Nf3 Ba3 92. Kf5 Bb2 93. g5 Bg7 94. Be5 Bf8 95. Bf6 Ba3 96. Ne5+ Kg8 97. g6 Bc1 98. Nc6 Bh6 99. Ke6 Kf8 100. Ne7 Ke8 101. Nf5 Bf8 102. Nd6+ Bxd6 103. Kxd6 Kf8 104. Ke6 Kg8 105. Bd4 1-0

[Event "Hessen-ch Seniors op 11th"]
[Site "Bad Sooden-Allendorf"]
[Date "2015.05.10"]
[Round "2"]
[White "Buss, Richard"]
[Black "Flockerzi, Armin"]
[Result "0-1"]
[WhiteElo "1680"]
[BlackElo "1819"]
[PlyCount "94"]
[EventDate "2015.05.09"]
[EventType "swiss"]
[EventRounds "9"]
[EventCountry "GER"]
[SourceTitle "EXT 2018"]
[Source "ChessBase"]
[SourceDate "2017.10.13"]
[SourceVersion "1"]
[SourceVersionDate "2017.10.13"]
[SourceQuality "1"]

1. e4 d6 2. d4 Nf6 3. Nc3 e6 4. Nf3 Be7 5. Bd3 b6 6. 0-0 c6 7. Re1 Ba6 8. Qe2 Bxd3 9. Qxd3 0-0 10. h3 Nbd7 11. Bg5 Ne8 12. Bxe7 Qxe7 13. Re2 g6 14. Rae1 Ng7 15. g4 Rfd8 16. Qe3 d5 17. exd5 cxd5 18. Nxd5 Qd6 19. Nf4 Nf6 20. Kg2 Nd5 21. Nxd5 Qxd5 22. b3 b5 23. c3 Rac8 24. Rc1 a5 25. Qe5 Qc6 26. Kg1 Qxf3 27. Re3 Qb7 28. Rd3 Rd5 29. Qe3 Rcd8 30. c4 bxc4 31. Rxc4 e5 32. Qe4 Qd7 33. Re3 exd4 34. Rd3 Ne6 35. Qf3 Qd6 36. h4 Rc5 37. Qd1 Rxc4 38. bxc4 Nc5 39. Rf3 d3 40. Qd2 Ne4 41. Qd1 d2 42. Re3 Qd4 43. Kg2 Nc3 44. Qb3 Qxg4+ 45. Rg3 Qe4+ 46. Kh2 d1Q 47. f3 Qxh4+ 0-1